000 00400nam a22001697a 4500
003 MPLRDC
005 20220104113748.0
008 210129b ||||| |||| 00| 0 eng d
082 _a857.621 NK-12 v.9
100 _a倪匡
245 _a死结
_c
260 _a
_b利文出版社
_c
300 _b
490 _a奇情科幻小说系列
650 _a科幻小说
942 _cBK
_o857.621 NK-12 v.9
999 _c2167
_d2157